书目信息 |
| 题名: |
细胞生物学与遗传学实验指导
|
|
| 作者: | 金龙金 主编 | |
| 分册: | ||
| 出版信息: | 杭州 浙江大学出版社 2005 |
|
| 页数: | 112页 | |
| 开本: | 26cm | |
| 丛书名: | ||
| 单 册: | ||
| 中图分类: | Q2-33 | |
| 科图分类: | ||
| 主题词: | 医学--细胞生物学--实验--医学院校--教学参考资料 , 医学遗传学--实验--医学院校--教学参考资料 , 医学 , 细胞生物学 , 医学遗传学 | |
| 电子资源: | ||
| ISBN: | 7-308-04453-X | |
| 000 | 01171nam0 2200301 450 | |
| 001 | 012007508897 | |
| 005 | 20070517100244.20 | |
| 010 | @a7-308-04453-X@dCNY12.00 | |
| 100 | @a20070512d2005 km y0chiy0120 ea | |
| 101 | 0 | @achi |
| 102 | @aCN@b330000 | |
| 105 | @aa z 000yy | |
| 106 | @ar | |
| 200 | 1 | @a细胞生物学与遗传学实验指导@Axi bao sheng wu xue yu yi chuan xue shi yan zhi dao@f金龙金等主编@Fjin long jin deng zhu bian |
| 210 | @a杭州@c浙江大学出版社@d2005 | |
| 215 | @a112页@c图@d26cm | |
| 300 | @a面向21世纪高等医药院校精品课程配套用书 | |
| 330 | @a本书精选了35个面向医学专业的细胞生物学和遗传学实验,详细阐述了实验的目的,器材,试剂及操作步骤,并配以较多图片说明,每个实验后有习题及思考题供读者巩固。 | |
| 333 | @a供临床医学、医学检验、预防医学、法医学、口腔、麻醉、影像、眼视光、中医学、护理学、康复医学、生物技术、生物科学等专业用。 | |
| 606 | 0 | @a医学@x细胞生物学@x实验@x医学院校@j教学参考资料 |
| 606 | 0 | @a医学遗传学@x实验@x医学院校@j教学参考资料 |
| 606 | 0 | @a医学 |
| 606 | 0 | @a细胞生物学 |
| 606 | 0 | @a医学遗传学 |
| 690 | @aQ2-33@v4 | |
| 701 | 0 | @a金龙金@Ajin long jin@4主编 |
| 801 | 0 | @aCN@bRULIN@c20070517 |
| 905 | @dQ2-33@e27@s5 | |
| 细胞生物学与遗传学实验指导/金龙金等主编.-杭州:浙江大学出版社,2005 |
| 112页:图;26cm |
| 面向21世纪高等医药院校精品课程配套用书.-使用对象:供临床医学、医学检验、预防医学、法医学、口腔、麻醉、影像、眼视光、中医学、护理学、康复医学、生物技术、生物科学等专业用。 |
| ISBN 7-308-04453-X:CNY12.00 |
| 本书精选了35个面向医学专业的细胞生物学和遗传学实验,详细阐述了实验的目的,器材,试剂及操作步骤,并配以较多图片说明,每个实验后有习题及思考题供读者巩固。 |
| ● |
| 相关链接 |
|
|
|
|
正题名:细胞生物学与遗传学实验指导
索取号:Q2-33/27
 
预约/预借
| 序号 | 登录号 | 条形码 | 馆藏地/架位号 | 状态 | 备注 |
| 1 | 0572700 | 205727007 | 第二样本阅览室/ [索取号:Q2-33/27] | 在馆 | |
| 2 | 0572701 | 205727016 | 第三借阅区/ [索取号:Q2-33/27] | 在馆 | |
| 3 | 0572702 | 205727025 | 第三借阅区/ [索取号:Q2-33/27] | 在馆 | |
| 4 | 0572703 | 205727034 | 第三借阅区/ [索取号:Q2-33/27] | 在馆 | |
| 5 | 0572704 | 205727043 | 第三借阅区/ [索取号:Q2-33/27] | 在馆 |